000 00296nam a22001337a 4500
008 171013b xxu||||| |||| 00| 0 eng d
020 _a9780205982516
041 _aeng
080 _213TH
_a316
100 _a51
101 _aSOC
245 _aSOCIETY THE BASICS
_cMACIONIS,J,J
942 _2udc
_cBK
999 _c33795
_d33795